Лозарство и винарство (Запис номер 81792)
[ съкратено ]
| 000 -Лидер | |
|---|---|
| Контролно поле с фиксирана дължина | 01615nam a2200385 c 4500 |
| 003 - Код на организацията, давaща контролен номер | |
| Контролно поле | BLK |
| 005 - Дата и час на последна редакция | |
| Контролно поле | 20240102120443.0 |
| 008 - Елементи от данни с фиксирана дължина | |
| fixed length control field | 180408b bul|||||r ||||||| ||bul|| |
| 010 ## - Наследен системен номер | |
| LC control number | KNG00086311000 |
| 020 ## - Международен стандартен номер на книга ISBN | |
| Международен стандартен номер на книга ISBN | 978-954-9930-50-4 |
| -- | издат.: Матком |
| 040 ## - Източник на каталожния запис | |
| Идентификатор на билиотеката - собственик на записа | BLK |
| 041 ## - Код за език | |
| Код за езика на текст/звукозапис или на отделно заглавие | Български |
| Код за езика КДБФ | Български |
| 080 ## - УДК | |
| Текстов определител УДК | Лозарство. Лози |
| УДК код - определител по УДК | 634.8 |
| УДК определител | |
| УДК - код + определител | 634.8 |
| 080 ## - УДК | |
| Текстов определител УДК | Вина. Винопроизводство |
| УДК код - определител по УДК | 663.2 |
| УДК определител | |
| УДК - код + определител | 663.2 |
| 100 1# - Редна дума - Автор | |
| Автор | Абрашева, Пенка Христова |
| Авторска отговорност | първи автор |
| R(LIN) | 300265 |
| 139 ## - Редно поле | |
| Редна дума | Абрашева, Пенка Христова и др. |
| Авторски знак | Абд - А 13 |
| 245 10 - Сведения за заглавието | |
| Заглавие | Лозарство и винарство |
| Редно поле (дума) | Пенка Христова Абрашева; съавт. Красимир Георгиев Бамбалов; съавт. Ангел Димитров Георгиев. |
| 257 ## - Страна на издаване | |
| Страна на създаване/издаване | България |
| 260 ## - Област на издателските данни | |
| -- | София |
| Име на издателя, разпространителя и проч. | Матком |
| Година на издаване | 2008 |
| Печатница | София : Изток-Запад |
| 300 ## - Физическа характеристика | |
| Страници | 344 с. |
| Илюстрации и др. | с ил., табл., сх. |
| Размери/Мащаб | 24 см |
| 380 ## - Жанр | |
| Жанр | Селско стопанство |
| 500 ## - Общи забележки | |
| Забележка | Библиогр. с. 342-344. |
| 650 #4 - Допълнително описание по предмет – тема | |
| Основно описание – тема или топоним | Лозарство |
| 9 (RLIN) | 160787 |
| 650 #4 - Допълнително описание по предмет – тема | |
| Основно описание – тема или топоним | Винарство - България |
| 9 (RLIN) | 266235 |
| 653 ## - Ключова дума – ненормативна | |
| Ключова дума | лозарство |
| 653 ## - Ключова дума – ненормативна | |
| Ключова дума | винарство |
| 700 1# - Други автори (авторска отговорност) | |
| Лично име | Бамбалов, Красимир Георгиев |
| Автороска отговорност (Описва отношението между автора и произведението) | съавт. |
| 9 (RLIN) | 300266 |
| 700 1# - Други автори (авторска отговорност) | |
| Лично име | Георгиев, Ангел Димитров |
| Автороска отговорност (Описва отношението между автора и произведението) | съавт. |
| 9 (RLIN) | 300267 |
| 852 ## - Местоположение | |
| Форматна сигнатура | Цб 241774 |
| 856 4# - Електронен адрес и достъп | |
| Електронен формат | pdf - файл |
| Път до файла /url/ | |
| 856 4# - Електронен адрес и достъп | |
| Електронен формат | pdf - файл |
| Път до файла /url/ | |
| 942 ## - АРТИКУЛИ | |
| Вид на библиотечния материал | Книги |
| Скрит в OPAC | Не |
| Koha issues (borrowed), all copies | 9 |
| 944 ## - СЪЗДАВАНЕ И РЕДАКЦИЯ на ЗАПИСА | |
| Създаване/Редакция | Създаване |
| Дата на регистрацията/редакция | 10.11.2008 |
| Статус, дата на статуса | Минев Младен |
| Служител, извършил регистрацията/редакцията | 30530 |
| 944 ## - СЪЗДАВАНЕ И РЕДАКЦИЯ на ЗАПИСА | |
| Създаване/Редакция | Редакция |
| Дата на регистрацията/редакция | 18.12.2012 |
| Статус, дата на статуса | ф / |
| Служител, извършил регистрацията/редакцията | |
| 999 ## - СИСТЕМНИ КОНТРОЛНИ НОМЕРА | |
| Koha biblionumber | 81792 |
| Koha biblioitemnumber | 81792 |
| Код за отписване | Код за изгубен артикул | Код за повреда | Коз за рестрикции | Код за отдаване | Артикулен № | Име на библиотеката - собственик | Име на библиотеката, в която се намира в момента | Статус (Текущо местоположение) | Дата на вписване в системата | Местоположение - отдел | Цена в лева | Инвентарен номер | Систематично азбучна сигнатура | Баркод | Номер на екземпляра | Цена в евро | Служебна бележка | Служебен тип на артикула |
|---|---|---|---|---|---|---|---|---|---|---|---|---|---|---|---|---|---|---|
| Не е изгубен | Не е повреден | без рестрикции | ползва се в читалня | 132842 | Регионална библиотека "Любен Каравелов" Русе | Регионална библиотека "Любен Каравелов" Русе | Хранилище | 2008-11-11 | Хранилище | 11.80 | 120000731275 | Цб 241774 | 120000731275 | 1 | 6.03 | Дост: Dp Вид: Д N: 28 Дата: 25.06.2008 | Книги | |
| Не е изгубен | Не е повреден | без рестрикции | заемане за дома | 132843 | Регионална библиотека "Любен Каравелов" Русе | Регионална библиотека "Любен Каравелов" Русе | Заемна - подръчен фонд | 2012-12-18 | Заемна - подръчен фонд | 11.80 | 120000762587 | П 634.8/А 13 | 120000762587 | 2 | 6.03 | Дост: Pk Вид: Ф N: 339 Дата: 12.12.2012 Дата инв: 06.02.2018 Бележки инв: П2018 | Книги | |
| Не е изгубен | Не е повреден | без рестрикции | заемане за дома | 132844 | Регионална библиотека "Любен Каравелов" Русе | Регионална библиотека "Любен Каравелов" Русе | Заемна - подръчен фонд | 2012-12-18 | Заемна - подръчен фонд | 11.80 | 120000762588 | П 634.8/А 13 | 120000762588 | 3 | 6.03 | Дост: Pk Вид: Ф N: 339 Дата: 12.12.2012 Дата инв: 06.02.2018 Бележки инв: П2018 | Книги | |
| Не е изгубен | Не е повреден | без рестрикции | ползва се в читалня | 132845 | Регионална библиотека "Любен Каравелов" Русе | Регионална библиотека "Любен Каравелов" Русе | Читалня | 2012-12-18 | Читалня | 11.80 | 120000762589 | Ч 634.8/А 13 | 120000762589 | 4 | 6.03 | Дост: Pk Вид: Ф N: 339 Дата: 12.12.2012 Дата инв: 20.03.2017 Бележки инв: Ч2017 | Книги |